00759 2200265 4500001002100000005001500021035002000036007000300056008004100059020002200100082001000122084001600132100002000148245007600168250001100244260005700255300003700312650001700349700002000366700001800386700002700404700002000431504003100451990001100482INLIS00000000000350520190528094036 a0010-0519000096ta190528 g 0 ind  a978-602-424-325-8 a155.2 a155.2 PAU p0 aPAUL, D. Tieger1 aPribadimu Profesimu /cPaul D. Tieger, Barbara Barron, dan Kelly Tieger acet. 1 aJakarta :bKPG (Kepustakaan Populer Gremedia),c2017 axxiii, 503 hlm :bilus. ;c24 cm 4aKEPERIBADIAN0 aBARBARA, Barron0 aKELLY, Tieger0 aRUTH, Melgi Panggabean0 aANDYA, Primanda aBibliografi.: hlm. 491-501 a6811 a